| 000 | 01548nam a2200289Ia 4500 | ||
|---|---|---|---|
| 003 | OSt | ||
| 005 | 20201023165626.0 | ||
| 008 | 191128s1994 ck adb gr 001 0 spa d | ||
| 020 | _a9586640078 | ||
| 040 |
_aCO-JMCR _cCO-JMCR |
||
| 041 | 0 | _aspa | |
| 082 | 0 | 4 |
_a986.153102 / _bD319o _223 |
| 100 | 1 |
_aDíaz López, Zamira, _eautor _910876 |
|
| 245 | 1 | 0 |
_aOro, sociedad y economía : _bel sistema colonial en la Gobernación de Popayán: 1533-1733 / _cZamira Díaz López |
| 260 |
_aBogotá : _bBanco de la República, _c©1994 |
||
| 300 |
_a318 páginas : _bgráficos y mapas a blanco y negro ; _c24 cm. |
||
| 490 | 0 | _aHistoria colombiana | |
| 500 | _aIncluye índice onomástico y notas a pie de página. | ||
| 504 | _aBibliografía: páginas [299]-312 | ||
| 505 | 0 | _aLos metales preciosos en España y el surgimiento de una frontera: la Gobernación de Popayán -- Colonización de la Gobernación: apertura de la frontera aurífera. 1535-1600 -- Los desarrollos coloniales: el orden económico y social en la función de la | |
| 520 | 3 | _aLa obra de Zamira Díaz López estudia el desarrollo histórico del suroccidente colombiano como un proceso guiado por la explotación del oro como empresa. | |
| 650 | 1 | 4 |
_aHistoria del oro _910877 _ySiglos XVII- XVIII _zPopayán (Colombia) |
| 650 | 1 | 4 |
_aMinas de oro _ySiglo XVII _zPopayán (Colombia) _911910 |
| 651 | 4 |
_aPopayán (Colombia) _xcondiciones económicas _ySiglos XVII- XVIII _911911 |
|
| 651 | 4 |
_aPopayán (Colombia) _xcondiciones sociales _ySiglos XVII- XVIII _911912 |
|
| 942 |
_2ddc _cBK |
||
| 999 |
_c6295 _d6295 |
||